| 000 | 01005cam a2200265 4500 | ||
|---|---|---|---|
| 008 | 090401t1995 xxu||||| |||| 00| 0 eng d | ||
| 020 | _a0419205101 | ||
| 035 | _a(Sirsi) u67939 | ||
| 041 | _aeng | ||
| 050 | _a639.9 | ||
| 110 |
_aInstitute of Environmental Assessment _9135 |
||
| 245 | _aGuidelines for baseline ecological assessment. | ||
| 260 |
_aLondon _bE & F N Spon _c1995 |
||
| 300 | _a142p. : ill. ; 25cm. | ||
| 350 | _a29.95 | ||
| 520 | _aGuidelines commissioned by the Institute on the ecological aspects of environmental assessment, which set outline current best practice and a consensus on the level of baseline data required to assess adequately the ecological impact of a proposed development. | ||
| 650 | _aBASELINE ECOLOGICAL ASSESSMENT | ||
| 650 | _aDEVELOPMENT SITES | ||
| 650 | _aECOLOGICAL ASSESSMENTS | ||
| 650 | _aENVIRONMENTAL ASSESSMENTS | ||
| 650 | _aWILDLIFE CONSERVATION | ||
| 690 | _aENVIRONMENTAL AND LAND CONSULTANCY | ||
| 942 | _n0 | ||
| 948 | _c04/03/1997 | ||
| 999 |
_c95051 _d95051 |
||